Online
Catalog
Normal view MARC view

Entry Término temático

Number of records used in: 5

001 - NÚMERO DE CONTROL

  • campo de control: 30526

003 - IDENTIFICADOR DEL NÚMERO DE CONTROL

  • campo de control: OSt

005 - FECHA Y HORA DE LA ÚLTIMA TRANSACCIÓN

  • campo de control: 20200615033241.0

008 - DATOS DE LONGITUD FIJA

  • campo de control de longitud fija: 200615|| aca||aabn | a|a d

040 ## - FUENTE DE LA CATALOGACIÓN

  • Centro catalogador/agencia de origen: OSt
  • Centro/agencia transcriptor: OSt

150 ## - ENCABEZAMIENTO--TÉRMINO DE MATERIA

  • Término de materia o nombre geográfico como elemento de entrada: DISCURSOS
  • Subdivisión geográfica: REPÚBLICA DOMINICANA

670 ## - FUENTE DE DATOS ENCONTRADOS

  • Cita de la fuente: Work cat.: (OSt)12959: República Dominicana. Presidencia de la República 17065, Discurso del Lic. Pedro Troncoso Sánchez, vicepresidente de la Comisión Organizadora de la Exposición Mundial del Libro y Festival Interncional de la Cultura , en la ceremonia de inaguaración de La Expolibro., 1970.

Powered by Koha